00427nam a2200157Ia 4500020001800000082002000018100002400038245005100062260003800113300001500151650002100166650001300187650001400200650002900214650002600243 a9788125043058 aRR 920.72 KAN-G aKannabiran, Vasanth 0aGrief to bury: memories of love, work and loss aHyderabadbOrient Blackswanc2011 axxvii, 370 aWomenvBiography aMarriage aWidowhood aWomenvSocial Conditions aWomen's rightszIndia